00870nam a2200265Ia 450000500170000000800410001702000150005810000200007324501060009325000190019930000420021849000090026065000350026965000390030465000390034370000290038294200150041126400290042633600270045533700330048233800280051504000350054308400110057899900150058920220317001246.0160825s1999 ck a g 000 0 spa  a28902110021 aPlante, Raymond10aCiclovillacRaymond Plante ; ilustraciones de Lise Monette ; traduciiòn Anita Gómez de Cárdenas a1a. edición  a59 páginas bilustraciones c18 cm  aRosa142LEMBaNovela juvenil francesa 142LEMBaLiteratura juvenil francesa 142LEMBaCiclovía en la literatura 1 aPrud'homme, Jules968365 2loccBKLIT aMedellínbEdiluxc1992 atextobtxt2rdacontent asin mediaciónbn2rdamedia avolumenbnc2rdacarrier aCO-BoRNBPbspaerdacCO-BoRNBP aN PLA2 c6416d6416